000
00336nam a2200145Ia 4500
008
220216s9999 xx 000 0 und d
100
_a
Tiyo
245
0
_a
NR will stay firm on high oil price
260
_b
Rubber Asia
_c
2004
300
_a
101-103
650
_a
NR
650
_a
NR global market
650
_a
Oil price
942
_c
JS
999
_c
64197
_d
64197